01210cam a22002774a 4500999001700000008004100017020003800058020003500096050002400131245009500155260010500250300004200355504006400397650002900461650004000490650002800530650004000558650003600598650004000634650003800674700001700712700002000729710002600749942003400775952012300809 c17322d17322100318s2010 enka bc 001 0 eng c a9780300165760 (hbk. : alk. paper) a0300165765 (hbk. : alk. paper)00aN6494.S8 bS85 201004aThe surreal house /c[curated by] Jane Alison ; with essays by Mary Ann Caws ... [et al.]. aLondon :bBarbican Art Gallery ;aNew Haven, CT :bIn association with Yale University Press,c2010. a347 p. :bill. (some col.) ;c28 cm. aIncludes bibliographical references (p. 338-342) and index. 0aSurrealismvExhibitions. 0aSurrealismxInfluencevExhibitions. 0aDwellingsvExhibitions. 0aDwellingsxPhilosophyvExhibitions. 0aDwellingsxDesignvExhibitions. 0aInterior architecturevExhibitions. 0aInterior decorationvExhibitions.1 aAlison, Jane1 aCaws, Mary Ann.2 aBarbican Art Gallery. 2lcccBOOKShN6494.S8 S85 2010 00102lcc4070aMUCbMUCcGENd2016-11-23eDonation (BFA)l0oN6494.S8 S85 2010p28175r2016-11-23w2016-11-23yBOOKS